Nebo nad Berlínom Film Wima Wendersa v labyrinte distribúcie

Bibliographic Details
Main Author: Obuch, Andrej, 1962- (Author)
Format: Article
Language:Slovak
PhysicalDescription:Fot. 1.
Subjects:

MARC

LEADER 00000nab a2200000 a 4500
001 vtls000416891
003 SK-MaSNL
005 20260302234850.0
008 150501c1991 xo 0 slo
015 |a SNBRB19rr/mm-uuuuu 
035 |a CL0417016 
040 |a SNKBUCL  |b slo  |c SNKBUCL  |e AACR2 
041 0 |a slo 
044 |a xo  |c SK 
080 |a 791.43(430)  |2 1981 
100 1 |a Obuch, Andrej,  |d 1962-  |4 aut  |9 40014 
245 1 0 |a Nebo nad Berlínom  |b Film Wima Wendersa v labyrinte distribúcie  |c Andrej Obuch 
300 |b Fot. 1. 
650 0 7 |a Nebo nad Berlínom (film nemecký)  |2 snkbucl  |9 970766 
655 7 |a články z novín a časopisov  |2 snkbucl  |9 267496 
773 0 |t Národná obroda  |g Roč. 2, č. 106 (7. 5. 1991), s. 12 
850 |a Slovenská národná knižnica v Martine  |a MTA001 
852 |a SNK  |b KIS3GCP 
958 |a RK 
958 |a DE 
992 |a RBX 
999 |c 1552201  |d 1554131